Tuyển tập tóm tắt các công trình khoa học 1990 - 2005

Đã lưu trong:
书目详细资料
主要作者: Nguyễn, Hoàng Anh ... [et al.]
企业作者: Trường Đại Học Ngoại ngữ - ĐHQGHN
格式: 图书
语言:Undetermined
出版: Hà Nội Đại học Quốc Gia Hà Nội 2005
主题:
标签: 添加标签
没有标签, 成为第一个标记此记录!
Thư viện lưu trữ: Trung tâm Học liệu Trường Đại học Cần Thơ
LEADER 00777nam a2200205Ia 4500
001 CTU_130845
008 210402s9999 xx 000 0 und d
082 |a 401.072 
082 |b T527 
100 |a Nguyễn, Hoàng Anh ... [et al.] 
110 |a Trường Đại Học Ngoại ngữ - ĐHQGHN 
245 0 |a Tuyển tập tóm tắt các công trình khoa học 1990 - 2005 
245 0 |c Nguyễn Hoàng Anh ... [et al.]; Trường Đại Học Ngoại ngữ - ĐHQGHN 
260 |a Hà Nội 
260 |b Đại học Quốc Gia Hà Nội 
260 |c 2005 
650 |a Foreign languages,Language and languages 
650 |x Study and teaching,Philosophy 
904 |i Minh 
980 |a Trung tâm Học liệu Trường Đại học Cần Thơ